Об'єктивні ознаки складів злочинів у банківській системі (Запис № 575860)

МАРК-запис
000 -Лідер
fixed length control field 03204nam a2200241 4500
001 - Контрольний номер
control field 2162214035924653
003 - Ідентифікатор контрольного номера
control field UA-OsUOA
005 - Дата та час останнього входження (трансакції)
control field 20240208104533.0
008 - Елементи даних фіксованої довжини – загальна інформація
fixed length control field 240208b un ||||| |||| 00| 0 ukr d
040 ## - Джерело каталогізації
Агенція оригінальної каталогізації UA-OsUOA
Мова каталогізації ukr
Агенція, яка здійснювала перезапис UA-OsUOA
Агенція, яка здійснювала модифікацію UA-OsUOA
041 ## - Код мови
Код мови тексту/ звукової доріжки чи окремого заголовка (П) ukr
080 ## - Індекс Універсальної десяткової класифікації
Індекс Універсальної десяткової класифікації (УДК) (НП) 343.37
090 ## - Локальний шифр розміщення
Класифікаційний індекс УДК 343.37
095 ## - Код спеціальності для авторефератів
Код спеціальності 12.00.08
Назва спеціальності кримінальне право та кримінологія; кримінально-виконавче право
100 ## - Основне введення – ім’я особи
Ім’я особи (НП) Шаргородська Н. В.
9 (RLIN) 1605
245 ## - Відомості про назву
Назва (НП) Об'єктивні ознаки складів злочинів у банківській системі
Дані про відповідальність (НП) Шаргородська Наталія Валентинівна; наук. керівник Стрельцов Євген Львович
260 ## - Публікація, розповсюдження і т.п. (Вихідні дані)
Місце публікації, розповсюдження і т.п. (П) Київ
Дата публікації, розповсюдження і т.п. (П) 2012
300 ## - Фізичний опис
Обсяг 19 с.
502 ## - Примітка про дисертацію
Зв'язок Автореферат дисертації на здобуття наукового ступеня кандидата юридичних наук<br/>
Наймення інституції, що представляється Академія адвокатури України
Рік отримання вченого ступеня 2012
520 ## - Резюме і т.п.
Резюме, реферат, анотація, тощо (НП) Дисертація присвячена дослідженню соціально небезпечних діянь, що посягають на суспільні відносини, які складаються у банківській системі, науковому аналізу норм кримінального законодавства, що передбачають відповідальність за вчинення таких злочинів, об’єктивних ознак складів злочинів у банківській системі.<br/>В дисертації на підставі соціально-економічних та філософсько-правових положень аналізуються поняття „банківська система”; дається загальна класифікація господарських злочинів і визначається місце в ній групи злочинів, що посягають на банківську систему; обґрунтовується значення об’єктивних ознак складів злочинів для кваліфікації злочинів у банківській системі; досліджуються теоретичні засади щодо визначення об’єкта злочину та предмета цих злочинів; всебічно аналізуються ознаки об’єктивної сторони цих злочинів, звертається увага на деякі кримінально-правові аспекти здійснення соціального контролю у цій системі.<br/>За результатами дослідження сформовано низку теоретичних положень, окремі пропозиції щодо удосконалення законодавства та практики його застосування.
650 ## - Додаткове предметне введення – тематичний термін
Джерело заголовка чи терміна UDC
Тематичний термін чи географічна назва, як елемент введення (НП) 343 Кримінальне право. Карні порушення
9 (RLIN) 1546
942 ## - Додаткові елементи входу (Коха)
Source of classification or shelving scheme Universal Decimal Classification
Тип елемента Koha Автореферат

Немає доступних примірників.